000 00834nam a22002657a 4500
001 000637
003 DO-SdBNP
005 20180305110457.0
007 000637
008 161103b 1979 sp ||||| |||| 00| 0 spa d
020 _a8430511229
040 _aBPMSU
_bspa
_cBPMSU
082 4 _axxxx
_bxxxx
100 1 _aJunceda, Luis
245 1 0 _aEl por qué de las cosas /
_ctextos: Luis Junceda ; ilustraciones: Grau.
260 _aMadrid :
_bSusaeta,
_c1979.
300 _av. :
_bil. ;
_c27 cm.
490 1 _aViaje por la ciencia
505 0 _tEl cuerpo humano --
_tEl mundo --
_tLos animales --
_tLas plantas --
_tLa técnica --
_tUrbanidad
700 1 2 _aGrau Santos, Julián,
_d1937-
_eil.
830 0 _aViaje por la ciencia
942 _2ddc
_cBK
945 _aInventariado, 2018 /LP
956 _aLOPEREZ
_b10
_c20161103
_hBPMSU
999 _c11772
_d11772